00703nam a2200241 ar4500001000500000005001700005006001900022008004100041090000900082100001900091245007100110260001000181300004600191500003800237504003100275526002100306563001600327650002400343650002700367650002300394650002900417999001500446475920221127091028.0a a 000 0 171030 su a | 000 0|eng d aSP-C1 aBabar, Hooria.10aConsumer behavior on competitive marketing war /cby Hooria Babar. c2017. a4 leaves :bcolor illustrations ;c30 cm. aSupervisor: Dr. Afshan Azam Khan. aIncludes bibl. references.0 aStudent project. aHard bound. 4aMarketing research. 4aMarketingxManagement. 4aConsumer behavior. 4aCompetition(Psychology). c4757d4757